01268 2200505 4500001002100000005001500021035002000036007000300056008004100059020002200100082000800122084001400130100002600144245006200170250001600232300003500248500003200283650002200315700003000337700003200367700003000399264003100429336002100460337003000481338002300511990001200534990001200546990001200558990001200570990001200582990001200594990001200606990001200618990001200630990001200642990001200654990001200666990001200678990001200690990001200702990001200714990001200726990001200738990001200750INLIS00000000000027120231025121719 a0010-1023000052ta231025 0 ind  a978-602-299-958-3 a510 a510 SHA m0 aSharma S.NePengarang1 aMatematika 1 SMK Kelas X :bKelompok Teknik /cS.N Sharma aed. 1 cet 2 aviii, 221 hlm :bilus ;c26 cm aKurikulum 2013 Edisi Revisi 4aMatematika Teknik0 aCandra HimawanePengarang0 aNiken WidiastutiePengarang0 aAden R. KamalePenyunting aBogor :bYudhistira,c2019 2rdacontentateks 2rdamediaatanpa perantara 2rdacarrieravolume a22.0001 a22.0002 a22.0003 a22.0004 a22.0005 a22.0006 a22.0007 a22.0008 a22.0009 a22.0010 a22.0011 a22.0012 a22.0013 a22.0014 a22.0015 a22.0016 a22.0017 a22.0018 a22.0019